00503 2200193 4500001002100000005001500021008004100036020001800077035001900095041000700114082001000121090001600131100001900147245006600166260002300232300003000255500001000285650001400295INLIS00000000000215920241224112503241224||||||||| | ||| |||| || |  a602-7763-94-9 0010-1224002159 aid0 a612.1 a612.1 MAY m0 aMaya Apriyanti00aMeracik Sendiri Obat & Menu Sehat Bagi Penderita Darah Tinggi bPustaka Baru Press axii + 186 hal; 14 x 20 cm aCet.1 0akesehatan